| 000 | 00741nam a2200253Ia 4500 | ||
|---|---|---|---|
| 003 | OSt | ||
| 005 | 20230826111126.0 | ||
| 008 | 210716s2009 xx 000 0 und d | ||
| 020 | _a9788184885835 | ||
| 040 | _cAIMIT LIBRARY | ||
| 041 | _aeng | ||
| 082 |
_a368 _21 _bSAHS |
||
| 100 |
_aSahoo, S C; _9131076 |
||
| 245 |
_aInsurance management / _cBy S C Sahoo and S C Das. |
||
| 250 | _a1st ed. | ||
| 260 |
_aNew Delhi : _bHimalaya Publishing House , _c2009. |
||
| 300 |
_a582p. ; _bPB _c23.7 cm |
||
| 650 |
_aInsurance(368) _9131077 |
||
| 651 |
_aLife insurance _9131078 |
||
| 651 |
_aGeneral insurance _9131079 |
||
| 651 |
_aInsurance and regulatory bodies _9131080 |
||
| 700 |
_aDas, S C. _9131081 |
||
| 942 |
_2ddc _cBK _e1st _k368 SAHS |
||
| 999 |
_c206613 _d206613 |
||